000 00931nam a22002417a 4500
999 _c348842
_d348842
003 BLK
005 20250730112739.0
008 200304b bu ||||| |||| 00| 0 bu d
020 _a9786190205753
040 _aBLK
041 _aBUL
_cBUL
080 _aЧилийска литература
_b821.134.2(83)
_x-31
_z821.134.2(83)-31
100 _aАлиенде, Исабел
_eпърви автор
_91299
139 _aАлиенде, Исабел
_bА 54
245 _aЦвят продълговат в морето
_cИсабел Алиенде ; прев. от исп. Маня Костова
260 _9210720
_aСофия
_bColibri
_c2020
_f"Инвестпрес"
300 _a351 с.
_c21 см
380 _aX
700 _9277900
_aКостова, Маня Асенова
_eпрев. от исп.
942 _cKNG
_n0
_s1
_024
944 _aCR
_c2020-03-04
_lЦветелина Шанова
_k30531
999 _d348842